Türkiye'nin dış ekonomik ilişkileri özel ihtisas komisyonu raporu (Record no. 738)

MARC details
000 -BAŞLIK
Sabit Uzunlukta Kontrol Alanı 00992na a2200289 4500
001 - KONTROL NUMARASI
Denetim Alanı 17900
003 - KONTROL NUMARASI IDENTIFIER
Denetim Alanı MIRAKIL
005 - SON İŞLEM TARİHİ VE ZAMANI
Denetim Alanı 20181213154759.0
008 - SABİT-BOY VERİ ELEMANLARI - GENEL BİLGİLER
Sabit Uzunlukta Kontrol Alanı 161108b tu 000 0
020 ## - ULUSLARARASI STANDART KİTAP NUMARASI
Uluslararası Standart Kitap Numarası 9751924839
040 ## - KATALOGLAMA KAYNAK
Orijinal Kataloglama Ajansı Milas
Kataloglama Dili tur
Metne Dönüştürmek Ajansı TR-AnCHP
041 ## - DİL KODU
Metin / Ses Parça Veya Ayrı Başlığın Dil Kodu tur
082 ## - DEWEY ONLU SINIFLANDIRMA NUMARASI
Sınıflandırma Numarası 338.93371
Ürün Numarası T96 2000
090 ## - SINIFLAMA NUMARASI
Sınıflama Numarası 338.93371 T96 2000
245 ## - BAŞLIK TABLOSU
Başlık Türkiye'nin dış ekonomik ilişkileri özel ihtisas komisyonu raporu
Sorumluluk Tablosu, Vb Devlet Planlama Teşkilatı
260 ## - YAYIN, DAĞITIM, VB
Yayın, Dağıtım, Vb Yeri Ankara
Yayıncı, Dağıtıcı, Vs Adı Devlet Planlama Teşkilatı
Yayın, Dağıtım, Vb Tarihi 2000
300 ## - FİZİKSEL TANIM
Kapsam 252 s.
Diğer Fiziksel Ayrıntıları tbl.
Boyutlar 27 sm.
440 ## - SERİSİ TABLOSU / KATMA GİRİŞİ - BAŞLIK
Başlık DPT
Hacim / Ardışık Tanımı 2512
490 ## - SERİSİ TABLOSU
Seri Beyanı ÖİK
Hacim / Ardışık Tanımı 529
500 ## - GENEL NOT
Genel Not Sekizinci beş yıllık kalkınma planı özel ihtisas komisyonu raporu
610 ## - KONU KATMA GİRİŞ - TOPLANTI ADI
Giriş Elemanı Olarak Kurumsal Ad Veya Yargı Alanı Adı Devlet Planlama Teşkilatı (DPT)
650 ## - KONU KATMA GİRİŞ - TOPİKAL DÖNEM
Topikal Süreli Veya Coğrafi Ad Giriş Elemanı Beş yıllık kalkınma planları
Kronolojik Alt Bölümü Türkiye
650 ## - KONU KATMA GİRİŞ - TOPİKAL DÖNEM
Topikal Süreli Veya Coğrafi Ad Giriş Elemanı Uluslararası ekonomi
Genel Alt Bölümü Kalkınma planı, 2000
Kronolojik Alt Bölümü Raporlar
710 ## - KATMA GİRİŞ - KURUMSAL ADI
Giriş Elemanı Olarak Kurumsal Ad Veya Yargı Alanı Adı Devlet Planlama Teşkilatı (DPT)
830 ## - SERİSİ EKLENDİ GİRİŞ - ÜNİFORM ADI
Üniforma Başlık Devlet Planlama Teşkilatı Yayınları
942 ## - EKLENDİ GİRİŞ ELEMANLARI (KOHA)
Sınıflandırma Veya Raf Düzeni Kaynak
Koha Öğesi Türü Books
999 ## - SİSTEM KONTROL NUMARALARI (KOHA)
Koha Biblionumber 738
Koha Biblioitemnumber 738
Holdings
Kalıcı Konum Mevcut Konum Edinme Tarihi Edinim Kaynak Toplam Check-Out'Lar Tam Çağrı Numarası Barkod Tarih Son Görülme İtibaren Geçerli Fiyatlar Koha Öğesi Türü
CHP Kütüphanesi CHP Kütüphanesi 11/08/2016 Bağış   338.93371 T96 2000 008421 11/08/2016 11/08/2016 Books